Perfeccionamiento del diseño curricular de la Licenciatura en Diseño Gráfico de la Universidad APEC (Record no. 881)

MARC details
000 -LEADER
campo de control de longitud fija 02699nam a2200577Ia 4500
001 - NÚMERO DE CONTROL
campo de control 961
008 - DATOS DE LONGITUD FIJA--INFORMACIÓN GENERAL
campo de control de longitud fija 241029s9999 xx 000 0 und d
010 ## - NÚMERO DE CONTROL DE LA BIBLIOTECA DEL CONGRESO
Número de control de LC 881
041 ## - CÓDIGO DE IDIOMA
Código de lengua del texto/banda sonora o título independiente Español
082 ## - NÚMERO DE LA CLASIFICACIÓN DECIMAL DEWEY
Número de clasificación TPG MCE 10 2005
245 #0 - MENCIÓN DEL TÍTULO
Título Perfeccionamiento del diseño curricular de la Licenciatura en Diseño Gráfico de la Universidad APEC
260 ## - PUBLICACIÓN, DISTRIBUCIÓN, ETC.
Lugar de publicación, distribución, etc. Santo Domingo
300 ## - DESCRIPCIÓN FÍSICA
Extensión 123
520 ## - RESUMEN, ETC.
Sumario, etc. 18
520 ## - RESUMEN, ETC.
Sumario, etc. Esta tesis tiene como objetivo proponer el perfeccionamiento del diseño curricular de la Licenciatura en Diseño Gráfico de la Universidad APEC, atendiendo a las necesidades actuales en la formación del profesional de la República Dominicana.  La investigación aborda un análisis del diseño gráfico como manifestación de la comunicación desde una perspectiva histórica, así como el diseño curricular en la Universidad APEC transitando por un análisis crítico y comparativo del currículo actual de la carrera de Diseño Gráfico.  También se hace un análisis de las demandas sociales de la República Dominicana en relación con los problemas de diseño gráfico y sus antecedentes y, finalmente, la presentación de la propuesta que incorpora el concepto de disciplina, la figura del trabajo científico estudiantil, el concepto de asignaturas opcionales, y la incorporación del componente laboral; todo ello sustentado en una concepción dialéctico-materialista y en los principios teóricos del Diseño Curricular de la Pedagogía Moderna.
630 ## - PUNTO DE ACCESO ADICIONAL DE MATERIA--TÍTULO UNIFORME
Título uniforme Currículo
630 ## - PUNTO DE ACCESO ADICIONAL DE MATERIA--TÍTULO UNIFORME
Título uniforme Derechos Humanos
630 ## - PUNTO DE ACCESO ADICIONAL DE MATERIA--TÍTULO UNIFORME
Título uniforme Diseño
630 ## - PUNTO DE ACCESO ADICIONAL DE MATERIA--TÍTULO UNIFORME
Título uniforme Formación
630 ## - PUNTO DE ACCESO ADICIONAL DE MATERIA--TÍTULO UNIFORME
Título uniforme Formación Profesional de Maestros
650 ## - PUNTO DE ACCESO ADICIONAL DE MATERIA--TÉRMINO DE MATERIA
Término de materia o nombre geográfico como elemento de entrada Curriculum
690 ## - PUNTO DE ACCESO ADICIONAL DE MATERIA LOCAL--TÉRMINO DE MATERIA (OCLC, RLIN)
Término de materia o nombre geográfico como elemento inicial Copiado sin cambios
700 ## - ENTRADA AGREGADA--NOMBRE PERSONAL
Término indicativo de función/relación asesor
Nombre de persona Machado Ramirez, Evelio
700 ## - ENTRADA AGREGADA--NOMBRE PERSONAL
Término indicativo de función/relación autor
Nombre de persona Hernández Castaño, Alfredo Andrés
700 ## - ENTRADA AGREGADA--NOMBRE PERSONAL
Término indicativo de función/relación asesor
Nombre de persona Gutierrez , Milagros
901 ## - ELEMENTOS DE DATOS A LOCAL LDA (RLIN)
a {"1":"Hernández Castaño"}
b {"1":"Alfredo Andrés"}
902 ## - ELEMENTOS DE DATOS B LOCAL, LDB (RLIN)
a 2
903 ## - ELEMENTOS DE DATOS C LOCAL, LDC (RLIN)
a {"1":"Gutierrez ","2":"Machado Ramirez"}
b {"1":"Milagros","2":"Evelio"}
904 ## - ELEMENTOS DE DATOS D LOCAL, LDD (RLIN)
a Maestría en
905 ## - ELEMENTOS DE DATOS E LOCAL, LDE (RLIN)
a Ciencias de la Educación
906 ## - ELEMENTOS DE DATOS F LOCAL, LDF (RLIN)
a 1
907 ## - ELEMENTOS DE DATOS G LOCAL, LDG (RLIN)
a Mención en
908 ## - COLOCAR PARÁMETRO DE COMANDO (RLIN)
Colocar parámetro de comando Enseñanza del Diseño Gráfico y la Comunicación
909 ## -
-- Universidad Acción Pro Educación y Cultura (UNAPEC)
910 ## - DATOS DE OPCIÓN DEL USUARIO (OCLC)
Datos de opción del usuario NULL
-- NULL
911 ## - EQUIVALENCIA O REFERENCIA-CRUZADA-NOMBRE DE CONFERENCIA O REUNIÓN/CONGRESO [LOCAL, CANADÁ]
Nombre de congreso/reunión o jurisdicción como elemento de entrada ["1"]
912 ## -
-- Universidad de Camagüey (UC), Cuba
913 ## -
-- NULL
914 ## -
-- 01 de Agosto de 2005
915 ## -
-- 11/06/14 04:06
916 ## -
-- NULL
917 ## -
-- NULL
918 ## -
-- NO APLICA
919 ## -
-- ["52","56","224","200","109"]
921 ## -
-- 16
922 ## -
-- 16
923 ## -
-- 0
924 ## -
-- NO APLICA
942 ## - ELEMENTOS DE ENTRADA SECUNDARIOS (KOHA)
Tipo de ítem Koha

No items available.

© 2024. Todos los Derechos Reservados. Desarrollado por IDEICE